| 000 | 00594nam a22001937a 4500 | ||
|---|---|---|---|
| 005 | 20140320114352.0 | ||
| 010 | _aENG-109181 | ||
| 020 |
_a9788128022012 _c300.00 |
||
| 035 | _aEN-92714 | ||
| 037 | _bDBAD/PUB | ||
| 082 | _a530.11 | ||
| 100 | _aKamal Jyoti | ||
| 245 |
_aThe cosmic principle of relativity / _cby Kamal Jyoti |
||
| 260 |
_bSapna Book House _c2013 _aBangalore |
||
| 270 |
_bBangalore _e560009 _a3rd Main Road, Gandhinagar |
||
| 300 |
_axx,380p. _c22cm(pbk) |
||
| 500 | _aIncludes bibliographical references and index | ||
| 942 |
_2ddc _cEN _mKAM _h530.11 |
||
| 999 |
_c82177 _d82177 |
||